Statistics for Name Every European Country in EU4 (UPDATED)

Click here to take the quiz!

General Stats

  • This quiz has been taken 419 times
    (183 since last reset)
  • The average score is 136 of 262

Answer Stats

Answer% Correct
England
93%
Scotland
90%
Sweden
89%
Norway
88%
Denmark
87%
France
87%
Poland
87%
Lithuania
84%
Hungary
83%
Portugal
83%
Naples
82%
Venice
81%
Aragon
80%
Finland
80%
Milan
80%
Genoa
79%
Netherlands
79%
The Papal State
79%
Austria
78%
Brittany
78%
Wales
78%
Castile
77%
Great Britain
77%
Serbia
77%
Holland
76%
Spain
76%
Bohemia
75%
Bosnia
75%
Brandenburg
75%
Burgundy
75%
Croatia
75%
Granada
75%
Livonia
75%
Novgorod
75%
Teutonic Order
75%
Iceland
74%
Provence
74%
Wallachia
74%
Muscovy
73%
Navarra
73%
Savoy
73%
Albania
72%
Bavaria
72%
Florence
72%
Ottomans
72%
Prussia
72%
Sicily
71%
Bulgaria
70%
Byzantium
70%
Estonia
70%
Ireland
70%
León
70%
Munster
70%
Münster
70%
Sardinia
70%
Switzerland
70%
Galicia
69%
Catalonia
68%
Crimea
68%
Greece
68%
Cologne
67%
Gotland
67%
Lübeck
67%
Moldavia
67%
Saxony
67%
Andalusia
66%
Friesland
66%
Hamburg
66%
Holstein
66%
Munich
66%
Riga
66%
Russia
66%
Sapmi
66%
Cornwall
65%
Flanders
65%
Italy
65%
Orleans
65%
Romania
65%
Kazan
64%
Normandy
64%
Germany
63%
Transylvania
63%
Brabant
62%
The Isles
62%
Bremen
61%
Corsica
61%
Lorraine
61%
Perm
61%
Ulster
61%
Athens
60%
Luxembourg
59%
Scandinavia
59%
Ulm
59%
East Frisia
58%
Mazovia
58%
Theodoro
58%
Ferrara
57%
Great Horde
57%
Herzegovina
57%
Lucca
57%
Pomerania
57%
Tuscany
57%
Foix
56%
Ragusa
56%
Trier
56%
Utrecht
56%
Frankfurt
55%
Nevers
55%
Aachen
54%
Baden
54%
Leinster
54%
Livonian Order
54%
Montenegro
54%
Siena
54%
Urbino
54%
Wolgast
54%
Asturias
53%
Cilli
53%
Gascony
53%
The Palatinate
53%
Valencia
53%
Bar
52%
Beloozero
52%
Bologna
52%
Malta
52%
Pisa
52%
Pskov
52%
Ryazan
52%
Stettin
52%
Styria
52%
Trent
52%
Wurttemberg
52%
Anhalt
51%
Danzig
51%
Kiev
51%
Liege
51%
Roman Empire
51%
Two Sicilies
51%
Epirus
50%
Offaly
50%
Thuringia
50%
Tver
50%
Commonwealth
49%
Geneva
49%
Hesse
49%
Mainz
49%
Montferrat
49%
Three Leagues
49%
Armagnac
48%
Gelre
48%
Hanover
48%
Mantua
48%
Nitra
48%
Oldenburg
48%
Silesia
48%
Tyrone
48%
Verona
48%
Brunswick
47%
Northumberland
47%
Dalmatia
46%
Moravia
46%
Corfu
45%
Desmond
45%
Golden Horde
45%
Mann
45%
Ruthenia
45%
Salzburg
45%
Westphalia
45%
Augsburg
44%
Majorca
44%
Saluzzo
44%
Ingolstadt
43%
Mecklenburg
43%
Nuremberg
43%
Opole
43%
Parma
43%
Angevin Kingdom
42%
Holy Roman Empire
42%
Magdeburg
42%
Crete
41%
Dortmund
41%
Karelia
41%
Meath
41%
Sligo
41%
Padua
40%
Sardinia-Piedmont
40%
Tirol
40%
Verden
40%
Avignon
39%
Berg
39%
Bourbonnais
39%
Kildare
39%
Lüneburg
39%
Modena
39%
Odoyev
39%
Ormond
39%
Auvergne
38%
Champagne
38%
Picardy
38%
Berry
37%
Dithmarschen
37%
Toulouse
37%
Tyrconnell
37%
Gaeldom
36%
Hainaut
36%
Krakow
36%
Morea
36%
Saxe-Lauenburg
36%
Swabia
36%
Yaroslavl
36%
Ansbach
35%
Cleves
35%
Perugia
35%
Aquileia
34%
Glogow
34%
Goslar
34%
Landshut
34%
Rostov
34%
Lotharingia
33%
Mulhouse
33%
Regensburg
33%
Strasbourg
33%
Thomond
33%
Alençon
32%
Astrakhan
32%
Franconia
32%
Smolensk
32%
Passau
31%
Achaea
30%
Dauphine
30%
Galicia-Volhynia
30%
Kurland
30%
Spoleto
30%
Wurzburg
30%
Clanricarde
29%
Lusatia
29%
Nassau
29%
Ruppin
29%
Bamberg
28%
Rügen
28%
Konstanz
27%
Memmingen
26%
Chernigov
25%
Nizhny Novgorod
25%
Polotsk
25%
Rothenburg
25%
Bayreuth
24%
Bregenz
24%
Latgalia
23%
Lippe
22%
Qasim
21%
Etruria
20%
Zaporozhie
19%
Coburg
18%
Meissen
18%
Osnabrück
18%
Paderborn
18%
Bashkiria
16%
Calenberg
16%
Latin Empire
16%
Kalmyk
15%
Donauwörth
14%

Score Distribution

Percentile by Number Answered

Percent of People with Each Score

Your Score History

You have not taken this quiz since the last reset